| 000 | 00913cam a2200301 i 4500 | ||
|---|---|---|---|
| 999 |
_c2619 _d2619 |
||
| 001 | 85114 | ||
| 003 | GBCCL | ||
| 005 | 20241126110433.0 | ||
| 008 | 790724s1979 vauaf 000 0aeng | ||
| 010 | _a 79018715 //r812 | ||
| 020 | _a0800750594 | ||
| 035 | _a(OCoLC)05264391 | ||
| 040 |
_aDLC _cDLC _dLBB |
||
| 043 | _an-us--- | ||
| 049 |
_aLBBK _aLBBA _c1-2 _aLBBC |
||
| 050 | 0 |
_aBX6495.C5687 _bA34 |
|
| 082 | 0 |
_a248.2092 _a286.132092 _aB _219 _bCOL |
|
| 090 |
_aBX6495.C5687 _bA34 1979 |
||
| 100 | 1 |
_aColson, Charles W. _92098 |
|
| 245 | 1 | 0 |
_aLife sentence / _cCharles W. Colson. |
| 260 |
_aLincoln, Va. : _bChosen Books ; _aWaco, Tex. : _bdistributed by Word Books, _cc1979. |
||
| 300 |
_a308 p. : _bill. ; _c24 cm. |
||
| 600 | 1 | 0 |
_aColson, Charles W. _92098 |
| 610 | 2 | 0 |
_aPrison Fellowship. _95521 |
| 610 | 2 | 0 |
_aFellowship House. _95522 |
| 650 | 0 |
_aBaptists _zUnited States _vBiography. _9250 |
|
| 942 |
_2ddc _cBK |
||